|
|
|
|
| LEADER |
00858naa a2200205 i 4500 |
| 001 |
acta89541 |
| 005 |
20260226084113.0 |
| 008 |
260225s2021 hu o 100 hun d |
| 040 |
|
|
|a SZTE Egyetemi Kiadványok Repozitórium
|b hun
|
| 041 |
|
|
|a hun
|
| 100 |
1 |
|
|a Hegedűs Joshua
|
| 245 |
1 |
0 |
|a Kreastol hálózat - JProject
|h [elektronikus dokumentum] /
|c Hegedűs Joshua
|
| 260 |
|
|
|a SZTE TTIK Informatikai Intézet
|b Szeged
|c 2021
|
| 300 |
|
|
|a 45-47
|
| 490 |
0 |
|
|a Szegedi Innovatív Informatika Verseny
|
| 650 |
|
4 |
|a Természettudományok
|
| 650 |
|
4 |
|a Számítás- és információtudomány
|
| 695 |
|
|
|a Szoftverfejlesztés, Programozás - számítógép, Tanulmányi verseny - informatika - középiskola
|
| 711 |
|
|
|a Szegedi Innovatív Informatika Verseny (7.)
|c Szeged
|d 2021
|
| 856 |
4 |
0 |
|u http://acta.bibl.u-szeged.hu/89541/1/sziiv_2021_045-047.pdf
|z Dokumentum-elérés
|